000 00475nam a2200181Ia 4500
001 23235
003 IN-NITTTR
005 20251114233301.0
008 251113s9999||||xx |||||||||||||| ||eng||
040 _beng
040 _cIN-NITTTR
041 _aeng
082 _a658.001 R18M
100 _aRao, Gangadhara M.
245 0 _aManagement theory :
_b concepts,principles and practices. /
_cRao, Gangadhara M., Rao, Surya P.
700 _a Rao, Surya P.
942 _2ddc
_cBK
999 _c25864
_d25864